| 000 | 01547nam a2200385Ia 4500 | ||
|---|---|---|---|
| 001 | ebr10576109 | ||
| 003 | CaPaEBR | ||
| 006 | m u | ||
| 007 | cr cn||||||||| | ||
| 008 | 040408s2004 pauab sb 001 0 eng d | ||
| 010 | _z 2004049477 | ||
| 020 | _z0812218833 | ||
| 020 | _z0812238117 | ||
| 020 | _z9780812204766 | ||
| 020 | _z9780812218831 | ||
| 040 |
_aCaPaEBR _cCaPaEBR |
||
| 035 | _a(OCoLC)794702355 | ||
| 050 | 1 | 4 |
_aDS530.65 _b.S59 2004eb |
| 100 | 1 | _aSkidmore, Monique. | |
| 245 | 1 | 0 |
_aKaraoke fascism _h[electronic resource] : _bBurma and the politics of fear / _cMonique Skidmore. |
| 260 |
_aPhiladelphia : _bUniversity of Pennsylvania Press, _cc2004. |
||
| 300 |
_axi, 248 p. : _bill., 1 map. |
||
| 490 | 1 | _aEthnography of political violence | |
| 504 | _aIncludes bibliographical references (p. [223]-234) and index. | ||
| 533 |
_aElectronic reproduction. _bPalo Alto, Calif. : _cebrary, _d2013. _nAvailable via World Wide Web. _nAccess may be limited to ebrary affiliated libraries. |
||
| 650 | 0 |
_aOppression (Psychology) _xPolitical aspects _zBurma. |
|
| 650 | 0 |
_aHuman rights _zBurma. |
|
| 650 | 0 |
_aSubversive activities _zBurma. |
|
| 650 | 0 |
_aGovernment, Resistance to _zBurma _xPsychological aspects. |
|
| 651 | 0 |
_aBurma _xPolitics and government _y1988- |
|
| 655 | 7 |
_aElectronic books. _2local |
|
| 710 | 2 | _aebrary, Inc. | |
| 830 | 0 | _aEthnography of political violence. | |
| 856 | 4 | 0 |
_uhttp://site.ebrary.com/lib/rucke/Doc?id=10576109 _zAn electronic book accessible through the World Wide Web; click to view |
| 999 |
_c87861 _d87861 |
||